000 01273nam a2200217Ia 4500
005 20250513094350.0
008 240825s9999 xx 000 0 und d
020 _a9788131610923
_qhbk
041 _aeng
082 _a300.72
_bSTI
100 _aStinchcombe, Arthur L
245 4 _aThe logic of social research
_c/ Arthur L. Stinchcombe
250 _a1st ed.
260 _bRawat Publication
_c2005
_aJaipur
300 _a354 p.
_c23 cm.
500 _aReprint, 2019
504 _aindex
520 _aArthur L. Stinchcombe has earned a reputation as a leading practitioner of methodology in sociology and related disciplines. Throughout his distinguished career he has championed the idea that to be an effective sociologist, one must use many methods. This incisive work introduces students to the logic of those methods. The Logic of Social Research orients students to a set of logical problems that all methods must address to study social causation. Almost all sociological theory asserts that some social conditions produce other social conditions, but the theoretical links between causes and effects are not easily supported by observation.
650 _a SOCIAL SCIENCE / General; Sociology Methodology; Sociology Research Methodology
942 _cENGLISH
999 _c542822
_d542822